Movies Quiz

Random Movies or Clickable Quiz

The Ultimate 'Army of Darkness' Multiple Choice Quiz Stats

 Plays Quiz not verified by Sporcle

Score 0/20 Timer 05:00
0 Plays Today
Question Answer Wrong Answers
Army of Darkness is part of what horror movie series? Evil Dead
93%
Friday the 13th
4%
Leprechaun
1.5%
Critters
1.5%
Who is the hero of the movie? Ash Williams
92%
Ellen Ripley
3.5%
Chucky
1%
Michael Myers
3.5%
What did Ash replace his hand with? A chainsaw
88.1%
A knife
1.5%
A hammer
1.5%
A shotgun
3.5%
To safely retrieve the book, what phrase does Ash have to say perfectly? Klaatu Verata Nikto
84.6%
Nanoo-Nanoo
2.5%
Yabba-Dabba-Doo
1%
Bazinga
1.5%
Also in the flashback, what happened to Ash at the end of the previous movie? He was sucked into a temporal rift.
83.1%
He got the girl.
5.5%
He was killed by a demon.
1%
He was turned into a zombie.
4.5%
What does Ash call his shotgun? His boomstick
81.6%
His thunderstick
3%
His firestick
3.5%
His big banger
2%
What store did Ash work in before the events of the movies? S-Mart
81.6%
K-Mart
8%
Wal Mart
5%
Lowes
4%
What happens because of Ash's mistake? An army of the undead is unleashed.
80.6%
Fire falls down from the sky, hitting the castle.
1.5%
Ash is sent back into an alternate timeline when evil reigns.
4%
Ash is killed and turned into a demon.
0.5%
To return to his own time, what does he have to get? The Necronomicon
79.1%
The head of the demon king
3.5%
The Staff of Merlin
4.5%
The Ocarina of Time
2.5%
Who does Ash have to do battle with him on the way to getting the necronomicon? An evil version of himself
75.1%
A demonic army
10.4%
Merlin
1%
Duke Henry
2.5%
What does Ash call Duke Henry? Mr. Fancypants
74.6%
Lord of the Dance
4.5%
King Nothing
5%
Duke of Earl
7.5%
After climbing out of the pit, what does Ash call all of the people around him? Primitive screwheads
73.6%
Meatheads
10%
Dunderheads
4.5%
Stupid limeys
2.5%
After going through the temporal rift, where does Ash end up? Arthurian England
71.6%
Ancient Rome
6%
Nazi Germany
4%
Ancient Sumeria
12.4%
Where does Ash have to retrieve the book? A cemetery
71.6%
A castle
5%
A dungeon
3%
A witch's lair
8%
How does Ash screw up taking the book. He forgets the words and mumbles the last one.
69.2%
He takes the book without reciting the words.
9%
He forgot the words after being attacked.
7%
The the book was taken from him by a flying demon.
2%
What problem does Ash face when he finds the book? There are three books, not just one.
69.2%
The book is surrounded by a ring of fire.
2%
An army of demonds guards the book.
12.4%
The book is covered with spikes.
3.5%
Who leads the attack on the castle? The risen evil Ash
66.2%
A giant demon
4.5%
His former girlfriend, now turned into a demon
13.9%
Duke Henry
2.5%
What is the name of the duke that Ash is captured with? Henry the Red
65.2%
Eric the Red
16.9%
King Arthur
7.5%
Bad Ash
2.5%
As shown in the flashback, what part of his body did Ash have to cut off because it was trying to kill him? His right hand
64.2%
His right leg
2%
His left hand
24.9%
His left leg
6.5%
At the end of the movie, Ash slays a demon at S-Mart and saves a pretty girl. What is his final line before he kisses her? Hail to the king, baby.
50.7%
Shop smart...Shop S-mart.
8%
Gimme some sugar, baby.
23.9%
Welcome back to the land of the living!
4%

You're not logged in!

Compare scores with friends on all Sporcle quizzes.
OR
Log In

You Might Also Like...

Show Comments

Extras

Top Quizzes Today


Score Distribution

Your Account Isn't Verified!

In order to create a playlist on Sporcle, you need to verify the email address you used during registration. Go to your Sporcle Settings to finish the process.

Report this User

Report this user for behavior that violates our Community Guidelines.

Details: